000 00564nam a2200193Ia 4500
003 GCL
008 140319s9999 xx 000 0 ara d
040 _aGCL /
_cGCL
082 0 4 _a811.71
_bع ش
100 1 _aعبدالله كنون الحسينى
245 1 0 _aشرح الشمقمقية /
_cعبدالله كنون الحسينى
260 _a[S.N] :
_bدار الكتاب العالمى ،
_c1979
300 _a150 ص
490 _a
650 0 4 _aالشعر العربى
650 0 4 _aالتراجم
650 0 4 _aابن الونان
942 _2ddc
_cBK
999 _c49488
_d49488